000 00245 a2200097 4500
001 35332
100 _aTaylor E
245 _aThe Performance & Design of A C Commulator Motors
260 _aAllahabad
_bA H Wheeler & C
_c
090 _c23364
_d23364
942 _aNUST-CAE
_cM
_c14852
999 _c270405
_d270405